| 000 | 00815nas a2200265 4500 | ||
|---|---|---|---|
| 001 | BR7312165 | ||
| 003 | BR-BrBNA | ||
| 005 | 20231205082721.0 | ||
| 007 | ta | ||
| 008 | 230509b bl.|||p| |||| 00| 00por d | ||
| 040 |
_aBR-BrBNA _bpor _cBiblioteca Nacional de Agricultura |
||
| 041 | _a(Pt) | ||
| 072 | _aH20; F25 | ||
| 100 | 1 | _aMatta, E.A.F. da | |
| 100 | 1 | _aLellis, W.T. | |
| 245 | 1 | _aFungicidas e adubacao no controle da queima do cajueiro [defesa vegetal, doenca de planta, Bahia, Brasil] | |
| 650 | _aCAJU | ||
| 650 | _aQUEIMA DA FOLHA | ||
| 650 | _aDEFESA VEGETAL | ||
| 650 | _aFUNGICIDA | ||
| 650 | _aBAHIA | ||
| 773 | 0 |
_tBoletim do Instituto Biologico da Bahia (Brazil) _xISSN 0020-3661 _g(1973), v. 12(1) p. 37-40 _wBR7312165 |
|
| 909 |
_a202311 _bLúcia _c55 _dLúcia Elande |
||
| 942 |
_2AGRIS _n0 _cANA |
||
| 999 |
_c93819 _d93819 |
||